| 000 | 00605nam a22001817a 4500 | ||
|---|---|---|---|
| 005 | 20251108165009.0 | ||
| 008 | 250721s1986 xx 000 0 ara d | ||
| 082 | 1 | 4 | _a658.404/نعي |
| 100 | 1 | _aنصير، نعيم | |
| 245 | 1 | 0 |
_aتقييم المشاريع : _bتحليل العائدات و التكاليف / |
| 264 | 1 |
_aعمان : _bالمنظمة العربية للعلوم الأدارية، _c1986. |
|
| 300 | _a94ص | ||
| 650 | 1 | 7 | _aالإدارة |
| 650 | 1 | 7 | _aتقنيات الإدارة |
| 650 | 1 | 7 | _aإدارة المشاريع الإنشائية |
| 942 |
_2ddc _cBK |
||
| 999 |
_c19426 _d19426 |
||